000 01268nam a2200241Ia 4500
003 Ost
005 20260507075649.0
008 260507s9999||||xx |||||||||||||| ||und||
020 _a3425287977
040 _cfsecg
041 _aara
082 _a5.758
100 _aعناني، عمرو
_eمؤلف
245 0 _aإحتراف إدارة قواعد البيانات باستخدام Microsoft SQL server 2000 /
_c عمرو عناني
260 _aالقاهرة:
_bدار الكتب العلمية للنشر والتوزيع,
_c2004
300 _a403 صفحة؛
_bإيضاحات ؛
_c24 سم
520 _aنظرة عامة على خادم SQL server 2000 - تجهيز استخدام خادم SQL server 2000 - فهم قواعد البيانات الخاصة بالنظام والمستخدم- تكوين وتهيئة قواعد البيانات المستخدمين- تكوين وتهيئة قواعد البيانات- نشر قاعدة البيانات- تطوير استراتيجية استرجاع البيانات- النسخ الإحتياطي والإسترجاع في خادم SQL.
653 _aالإعلام الألي
653 _aالبرمجيات
653 _aالحاسوب
653 _aMicrosoft SQL server 2000
942 _cكتاب
999 _c45542
_d45542